000 00902nam a2200301Ia 4500
001 17175
003 IT-RoPAU
008 130308s9999 xx 000 0 und d
040 _aIT-RoPAU
040 _cIT-RoPAU
041 _aITALIANO
100 _aMagli Adriano
100 _gCodice Aut. SPICS: 4351
245 _aPromozione culturale e partecipazione
245 _bUn Posto nell'Etere-Le Radio locali in Italia
250 _a1a ed.
260 _aROMA
260 _bEdizioni Paoline
260 _c1978 [1° Ed.:1978 - Ed.Ling.Originale:1978]
300 _a"30 p. (prefazione: no ; testo: 30 [pagine: 91-120])"
500 _aRadio Pubblica e Radio locali palinsesto partecipazione del Pubblico Ascolto Concorrenziale Iniziative Promozionali
650 _aSAGGI DI RADIOFONIA
650 _eCodice materia Spics: 6911
942 _cBK
957 _71
999 _c56943
_d56943
999 _bSI
999 _g1